[Event "2nd Hersonissos Open 2018"]
[Site "Hersonissos"]
[Date "2018.06.24"]
[Round "9"]
[White "Pliev, Vladimir"]
[Black "Serpetsidakis, Nikolaos"]
[Result "1-0"]
[WhiteElo "1909"]
[BlackElo "2126"]
[Annotator "NA"]
[PlyCount "119"]
[EventDate "2018.06.23"]
[EventType "swiss"]
[EventCountry "GRE"]
[SourceTitle "playchess.com"]
[Source "ChessBase"]
[SourceQuality "1"]
[TimeControl "5400+30"]

1. e4 {[%emt 0:00:00]} e6 {[%emt 0:00:07]} 2. d4 {[%emt 0:00:00]} d5 {[%emt 0:00:05]} 3. Nc3 {[%emt 0:00:00]} Nc6 {[%emt 0:00:08]} 4. Nf3 {[%emt 0:02:07]} Nf6 {[%emt 0:00:08] LiveBook: 955 Games} 5. Bg5 {[%emt 0:03:22]} Be7 {[%emt 0:00:17]} 6. e5 {[%emt 0:00:57]} Ne4 {[%emt 0:00:12]} 7. Bxe7 {[%emt 0:00:14]} Qxe7 {[%emt 0:00:06]} 8. a3 {[%emt 0:03:29]} Bd7 {[%emt 0:00:26]} 9. Bd3 $15 {[%emt 0:00:15]} Ng5 {[%emt 0:00:12]} 10. Be2 {[%emt 0:02:57]} Nxf3+ {[%emt 0:00:42]} 11. Bxf3 {[%emt 0:00:07]} f6 {[%emt 0:00:26]} 12. O-O {[%emt 0:20:46]} fxe5 {[%emt 0:07:52]} 13. dxe5 {[%emt 0:00:35]} O-O-O {[%emt 0:19:27]} 14. Re1 {[%emt 0:14:00]} Qg5 {[%emt 0:07:23]} 15. g3 {[%emt 0:02:23]} Rdf8 {[%emt 0:08:49]} 16. Bg2 {[%emt 0:00:49]} Qf5 {[%emt 0:01:43]} 17. f4 {[%emt 0:02:24]} g5 {[%emt 0:00:30]} 18. Ne2 {[%emt 0:01:12]} gxf4 {[%emt 0:05:34]} 19. Nxf4 {[%emt 0:00:30]} Qg5 {[%emt 0:04:13]} 20. Qe2 {[%emt 0:06:11]} Rf5 {[%emt 0:04:45]} 21. Nd3 {[%emt 0:01:23]} Rhf8 {[%emt 0:02:05]} 22. Qe3 {[%emt 0:02:10]} Qxe3+ {[%emt 0:10:31]} 23. Rxe3 {[%emt 0:00:20]} Nd4 {[%emt 0:00:18]} 24. Rc1 {[%emt 0:03:07]} Bb5 {[%emt 0:03:56]} 25. Nf4 {[%emt 0:03:58]} Rxf4 {[%emt 0:10:37]} 26. gxf4 {[%emt 0:00:23]} Ne2+ {[%emt 0:00:49]} 27. Rxe2 {[%emt 0:00:08]} Bxe2 {[%emt 0:00:02]} 28. Kf2 {[%emt 0:00:57]} Bg4 {[%emt 0:00:24]} 29. Ke3 {[%emt 0:01:32]} c5 {[%emt 0:02:30]} 30. c3 {[%emt 0:01:22]} Bf5 {[%emt 0:00:20]} 31. Bf3 {[%emt 0:06:05]} Rg8 {[%emt 0:00:19]} 32. Kf2 {[%emt 0:00:52]} Kc7 {[%emt 0:05:32]} 33. Ke3 {[%emt 0:03:23]} Kb6 {[%emt 0:03:40]} 34. Kf2 {[%emt 0:01:38]} a5 {[%emt 0:00:47]} 35. Ke3 {[%emt 0:01:36]} a4 {[%emt 0:00:18]} 36. Kf2 {[%emt 0:01:36]} h5 {[%emt 0:01:13]} 37. h4 {[%emt 0:04:33]} Be4 {[%emt 0:02:00]} 38. Bxe4 {[%emt 0:02:58]} dxe4 {[%emt 0:00:01]} 39. Rd1 {[%emt 0:00:29]} Rg4 {[%emt 0:00:55]} 40. Ke3 {[%emt 0:00:00]} Rxh4 {[%emt 0:00:00]} 41. Rd6+ {[%emt 0:00:00]} Kc7 {[%emt 0:00:00]} 42. Rxe6 {[%emt 0:00:00]} Rh1 {[%emt 0:00:00]} 43. Kxe4 {[%emt 0:00:00]} h4 {[%emt 0:00:00]} 44. Rh6 {[%emt 0:00:00]} h3 {[%emt 0:00:00]} 45. Rh7+ {[%emt 0:00:00]} Kc6 {[%emt 0:00:00]} 46. Kf5 {[%emt 0:00:00]} h2 {[%emt 0:00:00]} 47. Ke6 {[%emt 0:00:00]} Rf1 {[%emt 0:00:00]} 48. Rxh2 {[%emt 0:00:00]} Rxf4 {[%emt 0:00:00]} 49. Rd2 {[%emt 0:00:00]} b5 {[%emt 0:00:00]} 50. Ke7 {[%emt 0:00:00]} b4 {[%emt 0:00:00]} 51. axb4 {[%emt 0:00:00]} cxb4 {[%emt 0:00:00]} 52. cxb4 {[%emt 0:00:00]} Rxb4 {[%emt 0:00:00]} 53. e6 {[%emt 0:00:00]} Re4 {[%emt 0:00:00]} 54. Kf6 {[%emt 0:00:00]} Rf4+ {[%emt 0:00:00]} 55. Ke5 {[%emt 0:00:00]} Rf3 {[%emt 0:00:00]} 56. Rc2+ {[%emt 0:00:00]} Kb7 {[%emt 0:00:00]} 57. Rc4 {[%emt 0:00:00]} a3 {[%emt 0:00:00]} 58. bxa3 {[%emt 0:00:00]} Rxa3 {[%emt 0:00:00]} 59. e7 {[%emt 0:00:00]} Ra8 {[%emt 0:00:00]} 60. Ke4 1-0

[Event "2nd Hersonissos Open 2018"]
[Site "Hersonissos"]
[Date "2018.06.24"]
[Round "9"]
[White "Brokalakis - Gounaris, Christos"]
[Black "Lirindzakis, Timotheos"]
[Result "1/2-1/2"]
[WhiteElo "1851"]
[BlackElo "2163"]
[Annotator "NA"]
[PlyCount "48"]
[EventDate "2018.06.23"]
[EventType "swiss"]
[EventCountry "GRE"]
[SourceTitle "playchess.com"]
[Source "ChessBase"]
[SourceQuality "1"]
[TimeControl "5400+30"]

1. d4 {[%emt 0:00:00]} Nf6 {[%emt 0:00:04]} 2. c4 {[%emt 0:00:20]} e6 {[%emt 0:00:03]} 3. Nc3 {[%emt 0:00:26]} Bb4 {[%emt 0:00:03]} 4. Qc2 {[%emt 0:00:54]} b6 {[%emt 0:00:57]} (4... d5 $11 {keeps the balance.}) 5. Bg5 {[%emt 0:06:07]} Bb7 $11 {[%emt 0:06:26] LiveBook: 38 Games} 6. f3 {[%emt 0:05:15]} h6 {[%emt 0:01:47]} 7. Bh4 {[%emt 0:04:01]} c5 {[%emt 0:07:56]} 8. a3 {[%emt 0:04:43]} Bxc3+ {[%emt 0:06:08]} 9. Qxc3 {[%emt 0:00:37]} cxd4 {[%emt 0:02:42]} 10. Qxd4 {[%emt 0:01:26]} Nc6 {[%emt 0:00:57]} 11. Qc3 {[%emt 0:04:18]} Ne4 {[%emt 0:10:15]} 12. Bxd8 {[%emt 0:00:57]} Nxc3 {[%emt 0:00:02]} 13. Bh4 {[%emt 0:11:50]} Na4 {[%emt 0:02:11]} 14. Rb1 {[%emt 0:04:46]} Ne5 {[%emt 0:07:51]} 15. e3 {[%emt 0:08:08]} Rc8 {[%emt 0:05:57]} 16. b3 {[%emt 0:03:44]} Nc5 {[%emt 0:00:14]} 17. Bg3 {[%emt 0:01:03]} f6 {[%emt 0:05:52]} 18. Nh3 {[%emt 0:05:11]} Ke7 {[%emt 0:02:41]} 19. Nf2 {[%emt 0:01:34]} d5 {[%emt 0:01:57]} 20. Be2 {[%emt 0:08:39]} dxc4 {[%emt 0:04:56]} 21. Bxe5 {[%emt 0:00:38]} fxe5 {[%emt 0:00:05]} 22. Bxc4 {[%emt 0:01:10]} Bd5 {[%emt 0:00:55]} 23. Bxd5 {[%emt 0:00:41]} exd5 {[%emt 0:00:04]} 24. Ke2 {[%emt 0:01:00]} Rc6 {[%emt 0:09:04]} 1/2-1/2

[Event "2nd Hersonissos Open 2018"]
[Site "Hersonissos"]
[Date "2018.06.24"]
[Round "9"]
[White "Iminov, Bachtiar"]
[Black "Storkebaum, Ulrike"]
[Result "0-1"]
[WhiteElo "1842"]
[BlackElo "1825"]
[Annotator "NA"]
[PlyCount "80"]
[EventDate "2018.06.23"]
[EventType "swiss"]
[EventCountry "GRE"]
[SourceTitle "playchess.com"]
[Source "ChessBase"]
[SourceQuality "1"]
[TimeControl "5400+30"]

1. Nf3 {[%emt 0:00:42]} Nf6 {[%emt 0:00:10]} 2. c4 {[%emt 0:00:44]} g6 {[%emt 0:00:28]} 3. b4 {[%emt 0:00:48]} Bg7 {[%emt 0:00:24]} 4. Bb2 {[%emt 0:01:20]} O-O {[%emt 0:00:30]} 5. g3 {[%emt 0:00:03]} d6 {[%emt 0:01:31]} 6. Bg2 {[%emt 0:00:17]} e5 {[%emt 0:06:49]} 7. O-O {[%emt 0:01:39]} Nc6 {[%emt 0:00:59]} 8. b5 {[%emt 0:00:23]} Ne7 {[%emt 0:00:49]} 9. d3 {[%emt 0:00:46]} Rb8 {[%emt 0:05:18]} 10. Nbd2 {[%emt 0:07:08]} c5 {[%emt 0:07:07]} 11. Ne1 {[%emt 0:09:13]} Ng4 {[%emt 0:14:39]} 12. h3 {[%emt 0:04:07]} Nh6 {[%emt 0:01:21]} 13. Nc2 {[%emt 0:00:33]} f5 {[%emt 0:00:27]} 14. Ne3 {[%emt 0:01:17]} Be6 {[%emt 0:02:25]} 15. Nb1 {[%emt 0:05:05]} f4 {[%emt 0:01:06]} 16. Nd5 {[%emt 0:00:25]} fxg3 {[%emt 0:02:31]} 17. fxg3 {[%emt 0:00:46]} Nhf5 {[%emt 0:05:56]} 18. g4 {[%emt 0:01:50]} Nh4 {[%emt 0:02:33]} 19. Nbc3 {[%emt 0:00:24]} Nxg2 {[%emt 0:01:16]} 20. Kxg2 {[%emt 0:00:45]} Nxd5 {[%emt 0:07:32]} 21. cxd5 {[%emt 0:01:22]} Bd7 {[%emt 0:00:44]} 22. Qd2 {[%emt 0:01:29]} a6 {[%emt 0:01:29]} 23. Rxf8+ {[%emt 0:04:54]} Qxf8 {[%emt 0:00:26]} 24. Rf1 {[%emt 0:01:12]} Qd8 {[%emt 0:01:33]} 25. bxa6 {[%emt 0:01:04]} bxa6 {[%emt 0:00:10]} 26. Ne4 {[%emt 0:00:57]} Qe7 {[%emt 0:01:52]} 27. Bc3 {[%emt 0:00:39]} Rf8 {[%emt 0:00:46]} 28. Rxf8+ {[%emt 0:02:34]} Qxf8 {[%emt 0:04:10]} 29. Ba5 {[%emt 0:04:53]} Bf6 {[%emt 0:03:40]} 30. Bc7 {[%emt 0:01:23]} Be7 {[%emt 0:00:09]} 31. Qa5 {[%emt 0:00:43]} h5 {[%emt 0:05:13]} 32. Qb6 {[%emt 0:02:41]} hxg4 {[%emt 0:00:25]} 33. hxg4 {[%emt 0:00:06]} Qf4 {[%emt 0:02:43]} 34. g5 {[%emt 0:09:14]} Qg4+ {[%emt 0:02:53]} 35. Kf2 {[%emt 0:00:17]} Qh4+ {[%emt 0:00:50]} 36. Kg2 {[%emt 0:01:13]} Bh3+ {[%emt 0:00:37]} 37. Kg1 {[%emt 0:01:36]} Qg4+ {[%emt 0:02:16]} 38. Kf2 {[%emt 0:00:09]} Qf4+ {[%emt 0:03:41]} 39. Ke1 {[%emt 0:02:52]} Qc1+ {[%emt 0:00:27]} 40. Kf2 {[%emt 0:00:00]} Qf1+ {[%emt 0:00:00]} 0-1

[Event "2nd Hersonissos Open 2018"]
[Site "Hersonissos"]
[Date "2018.06.24"]
[Round "9"]
[White "Fragiadakis, Emanouel"]
[Black "Kotsinis, Alexandros"]
[Result "0-1"]
[WhiteElo "1813"]
[BlackElo "1655"]
[Annotator "NA"]
[PlyCount "50"]
[EventDate "2018.06.23"]
[EventType "swiss"]
[EventCountry "GRE"]
[SourceTitle "playchess.com"]
[Source "ChessBase"]
[SourceQuality "1"]
[TimeControl "5400+30"]

1. d4 {[%emt 0:00:00]} d5 {[%emt 0:00:33]} 2. c4 {[%emt 0:00:55]} dxc4 {[%emt 0:00:09]} 3. e3 {[%emt 0:00:41]} e5 {[%emt 0:00:27]} 4. Nf3 {[%emt 0:00:48]} exd4 {[%emt 0:01:44]} 5. exd4 {[%emt 0:02:03]} Nf6 {[%emt 0:05:26]} 6. Bxc4 {[%emt 0:00:26]} Bb4+ {[%emt 0:03:52]} 7. Nc3 {[%emt 0:00:07]} O-O {[%emt 0:00:06]} 8. O-O {[%emt 0:00:03]} Bg4 {[%emt 0:00:10]} 9. Be3 {[%emt 0:00:16]} Nc6 {[%emt 0:00:58]} 10. h3 {[%emt 0:03:34]} Bh5 {[%emt 0:04:21]} 11. a3 {[%emt 0:00:17]} Bxc3 {[%emt 0:10:18]} 12. bxc3 {[%emt 0:00:06]} Na5 {[%emt 0:00:35]} 13. Be2 {[%emt 0:03:41]} Qd5 {[%emt 0:04:28]} 14. Ne5 {[%emt 0:01:59]} Bxe2 {[%emt 0:00:09]} 15. Qxe2 {[%emt 0:00:05]} b5 {[%emt 0:00:27]} 16. a4 {[%emt 0:03:04]} a6 {[%emt 0:02:56]} 17. c4 {[%emt 0:07:32]} bxc4 {[%emt 0:07:00]} 18. Rac1 {[%emt 0:00:19]} Rab8 {[%emt 0:04:57]} 19. Nxc4 {[%emt 0:03:00]} Nb3 {[%emt 0:07:18]} 20. Rc2 {[%emt 0:16:37]} Rfd8 {[%emt 0:05:32]} 21. Ne5 {[%emt 0:12:54]} c5 {[%emt 0:01:55]} 22. Qxa6 {[%emt 0:16:45]} Rd6 {[%emt 0:22:13]} 23. Qd3 {[%emt 0:06:18]} Nxd4 {[%emt 0:07:04]} 24. Bxd4 {[%emt 0:00:33]} cxd4 {[%emt 0:00:10]} 25. Nc6 {[%emt 0:01:32]} Rxc6 {[%emt 0:00:43]} 0-1

[Event "2nd Hersonissos Open 2018"]
[Site "Hersonissos"]
[Date "2018.06.24"]
[Round "9"]
[White "Aggeletos, Marios"]
[Black "Aggelakis, Ilias"]
[Result "1-0"]
[WhiteElo "1769"]
[BlackElo "1683"]
[Annotator "NA"]
[PlyCount "109"]
[EventDate "2018.06.23"]
[EventType "swiss"]
[EventCountry "GRE"]
[SourceTitle "playchess.com"]
[Source "ChessBase"]
[SourceQuality "1"]
[TimeControl "5400+30"]

1. d4 {[%emt 0:00:00]} d5 {[%emt 0:00:25]} 2. c4 {[%emt 0:00:00]} e6 {[%emt 0:01:58]} 3. Nc3 {[%emt 0:00:00]} Nf6 {[%emt 0:00:05]} 4. cxd5 {[%emt 0:00:00]} exd5 {[%emt 0:00:09]} 5. Bg5 {[%emt 0:00:07]} Be7 {[%emt 0:00:05]} 6. e3 {[%emt 0:00:06]} O-O {[%emt 0:01:24]} 7. Bd3 {[%emt 0:00:15]} h6 {[%emt 0:00:16]} 8. Bh4 {[%emt 0:00:05]} b6 {[%emt 0:02:12]} 9. Nf3 {[%emt 0:06:04]} Bb7 {[%emt 0:01:05]} 10. O-O {[%emt 0:10:36]} Nbd7 {[%emt 0:00:11]} 11. Qb3 {[%emt 0:04:08]} c5 {[%emt 0:02:25]} 12. dxc5 {[%emt 0:02:24]} Nxc5 {[%emt 0:00:10]} 13. Qd1 {[%emt 0:01:10]} Nfe4 {[%emt 0:03:54]} 14. Bxe7 {[%emt 0:01:36]} Qxe7 {[%emt 0:00:51]} 15. Ne2 {[%emt 0:04:03]} Rac8 {[%emt 0:06:43]} 16. Ned4 {[%emt 0:00:34]} Rfd8 {[%emt 0:15:56]} 17. Nf5 {[%emt 0:08:35]} Qf6 {[%emt 0:02:46]} 18. N3d4 {[%emt 0:03:45]} Nxd3 {[%emt 0:19:20]} 19. Qxd3 {[%emt 0:00:09]} Nc5 {[%emt 0:00:20]} 20. Qd2 {[%emt 0:01:54]} Ne4 {[%emt 0:01:40]} 21. Qe2 {[%emt 0:00:08]} Rc5 {[%emt 0:01:43]} 22. Rfd1 {[%emt 0:07:01]} Rdc8 {[%emt 0:06:39]} 23. f3 {[%emt 0:07:05]} Nd6 {[%emt 0:00:55]} 24. Nxd6 {[%emt 0:01:03]} Qxd6 {[%emt 0:00:10]} 25. Qd3 {[%emt 0:04:04]} Qf6 {[%emt 0:02:43]} 26. Qf5 {[%emt 0:01:22]} Qe7 {[%emt 0:03:18]} 27. Qf4 {[%emt 0:05:38]} Qc7 {[%emt 0:07:39]} 28. Qxc7 {[%emt 0:00:12]} R8xc7 {[%emt 0:00:04]} 29. Rd2 {[%emt 0:00:18]} g6 {[%emt 0:00:29]} 30. Rad1 {[%emt 0:00:15]} Kg7 {[%emt 0:02:14]} 31. Kf2 {[%emt 0:01:10]} a6 {[%emt 0:01:44]} 32. Ne2 {[%emt 0:01:25]} Kf6 {[%emt 0:02:24]} 33. Nc3 {[%emt 0:00:20]} Ke6 {[%emt 0:00:00]} 34. Rd4 {[%emt 0:00:26]} b5 {[%emt 0:03:22]} 35. R1d2 {[%emt 0:00:45]} a5 {[%emt 0:02:50]} 36. a3 {[%emt 0:03:39]} h5 {[%emt 0:02:24]} 37. Kg3 {[%emt 0:01:42]} f6 {[%emt 0:01:11]} 38. h4 {[%emt 0:00:47]} g5 {[%emt 0:02:24]} 39. Kh3 {[%emt 0:02:25]} Bc6 {[%emt 0:02:32]} 40. g4 {[%emt 0:00:00]} hxg4+ {[%emt 0:00:00]} 41. fxg4 {[%emt 0:00:00]} gxh4 {[%emt 0:00:00]} 42. Kxh4 {[%emt 0:00:00]} Rh7+ {[%emt 0:00:00]} 43. Kg3 {[%emt 0:00:00]} Rg7 {[%emt 0:00:00]} 44. Ne2 {[%emt 0:00:00]} Rg5 {[%emt 0:00:00]} 45. Nf4+ {[%emt 0:00:00]} Kf7 {[%emt 0:00:00]} 46. Rf2 {[%emt 0:00:00]} Ke7 {[%emt 0:00:00]} 47. Rh2 {[%emt 0:00:00]} f5 {[%emt 0:00:00]} 48. Nd3 {[%emt 0:03:29]} Rc4 {[%emt 0:00:00]} 49. Ne5 {[%emt 0:02:53]} Rc1 {[%emt 0:00:00]} 50. Rh7+ {[%emt 0:01:30]} Kf6 {[%emt 0:00:00]} 51. Nxc6 {[%emt 0:00:19]} Rxc6 {[%emt 0:00:00]} 52. Rh6+ {[%emt 0:00:16]} Rg6 {[%emt 0:00:00]} 53. Rxg6+ {[%emt 0:01:39]} Kxg6 {[%emt 0:00:00]} 54. Rxd5 {[%emt 0:00:27]} fxg4 {[%emt 0:00:00]} 55. Rxb5 {[%emt 0:00:13]} 1-0

[Event "2nd Hersonissos Open 2018"]
[Site "Hersonissos"]
[Date "2018.06.24"]
[Round "9"]
[White "Kouvidis, Ioannis"]
[Black "Haverkamp, Klaus"]
[Result "1/2-1/2"]
[WhiteElo "1730"]
[BlackElo "1921"]
[Annotator "NA"]
[PlyCount "102"]
[EventDate "2018.06.23"]
[EventType "swiss"]
[EventCountry "GRE"]
[SourceTitle "playchess.com"]
[Source "ChessBase"]
[SourceQuality "1"]
[TimeControl "5400+30"]

1. e4 {[%emt 0:00:00]} e5 {[%emt 0:00:12]} 2. Nf3 {[%emt 0:00:00]} Nc6 {[%emt 0:00:37]} 3. Nc3 {[%emt 0:00:00]} Nf6 {[%emt 0:02:23]} 4. d4 {[%emt 0:00:13]} exd4 {[%emt 0:00:31]} 5. Nxd4 {[%emt 0:00:05]} Bb4 {[%emt 0:01:43]} 6. Nxc6 {[%emt 0:00:12]} bxc6 {[%emt 0:00:36]} 7. Bd3 {[%emt 0:00:06]} d5 {[%emt 0:03:10]} 8. exd5 {[%emt 0:00:14]} cxd5 {[%emt 0:00:34]} 9. O-O {[%emt 0:00:07]} O-O {[%emt 0:00:52]} 10. Qf3 {[%emt 0:00:30]} c6 {[%emt 0:06:13]} 11. h3 {[%emt 0:00:42]} Re8 {[%emt 0:04:14]} 12. Ne2 {[%emt 0:06:31]} Ne4 {[%emt 0:13:31]} 13. Ng3 {[%emt 0:05:04]} Qh4 {[%emt 0:03:40]} 14. Bxe4 {[%emt 0:19:37]} dxe4 {[%emt 0:00:53]} 15. Qf4 {[%emt 0:00:37]} Qxf4 {[%emt 0:02:47]} 16. Bxf4 {[%emt 0:00:11]} f5 {[%emt 0:06:20]} 17. Rfd1 {[%emt 0:04:31]} Be6 {[%emt 0:01:04]} 18. Ne2 {[%emt 0:04:29]} Rac8 {[%emt 0:06:32]} 19. Be3 {[%emt 0:13:28]} a6 {[%emt 0:01:56]} 20. Nd4 {[%emt 0:01:17]} Kf7 {[%emt 0:00:12]} 21. c3 {[%emt 0:06:09]} Be7 {[%emt 0:01:22]} 22. Rd2 {[%emt 0:02:07]} Red8 {[%emt 0:03:44]} 23. Rad1 {[%emt 0:04:39]} Bf6 {[%emt 0:01:57]} 24. b3 {[%emt 0:04:15]} h6 {[%emt 0:02:15]} 25. c4 {[%emt 0:00:59]} g5 {[%emt 0:03:55]} 26. Nxe6 {[%emt 0:02:50]} Kxe6 {[%emt 0:01:44]} 27. Bd4 {[%emt 0:02:51]} Rxd4 {[%emt 0:05:16]} 28. Rxd4 {[%emt 0:00:12]} Bxd4 {[%emt 0:00:03]} 29. Rxd4 {[%emt 0:00:05]} Ke7 {[%emt 0:00:24]} 30. g4 {[%emt 0:02:32]} Ke6 {[%emt 0:00:17]} 31. gxf5+ {[%emt 0:01:02]} Kxf5 {[%emt 0:00:29]} 32. Rd6 {[%emt 0:00:07]} h5 {[%emt 0:00:24]} 33. Rh6 {[%emt 0:00:20]} h4 {[%emt 0:00:20]} 34. Rh7 {[%emt 0:01:11]} Rd8 {[%emt 0:01:21]} 35. Rf7+ {[%emt 0:03:32]} Ke5 {[%emt 0:00:07]} 36. Re7+ {[%emt 0:00:16]} Kf4 {[%emt 0:03:02]} 37. Rf7+ {[%emt 0:00:07]} Ke5 {[%emt 0:00:04]} 38. Re7+ {[%emt 0:07:03]} Kf4 {[%emt 0:01:33]} 39. Rc7 {[%emt 0:00:00]} Rd6 {[%emt 0:00:00]} 40. Kg2 {[%emt 0:00:00]} Re6 {[%emt 0:00:00]} 41. Ra7 {[%emt 0:00:00]} a5 {[%emt 0:00:00]} 42. Rxa5 {[%emt 0:00:00]} e3 {[%emt 0:00:00]} 43. fxe3+ {[%emt 0:00:00]} Rxe3 {[%emt 0:00:00]} 44. b4 {[%emt 0:00:00]} Re2+ {[%emt 0:00:00]} 45. Kg1 {[%emt 0:00:00]} Rc2 {[%emt 0:00:00]} 46. b5 {[%emt 0:00:00]} cxb5 {[%emt 0:00:00]} 47. cxb5 {[%emt 0:00:00]} Rb2 {[%emt 0:00:00]} 48. Ra4+ {[%emt 0:00:00]} Kf5 {[%emt 0:00:00]} 49. Ra3 {[%emt 0:00:00]} Rxb5 {[%emt 0:00:00]} 50. Kg2 {[%emt 0:00:00]} Ke4 {[%emt 0:00:27]} 51. Rb3 {[%emt 0:00:00]} Rc5 {[%emt 0:00:47]} 1/2-1/2

[Event "2nd Hersonissos Open 2018"]
[Site "Hersonissos"]
[Date "2018.06.24"]
[Round "9"]
[White "Spirou, Gerasimos"]
[Black "Ergazaki, Eirini"]
[Result "1/2-1/2"]
[WhiteElo "1716"]
[BlackElo "1348"]
[Annotator "NA"]
[PlyCount "84"]
[EventDate "2018.06.23"]
[EventType "swiss"]
[EventCountry "GRE"]
[SourceTitle "playchess.com"]
[Source "ChessBase"]
[SourceQuality "1"]
[TimeControl "5400+30"]

1. e4 {[%emt 0:00:00]} e5 {[%emt 0:00:04]} 2. Nf3 {[%emt 0:00:00]} Nc6 {[%emt 0:00:06]} 3. Bc4 {[%emt 0:00:16]} Bc5 {[%emt 0:00:07]} 4. O-O {[%emt 0:00:12]} Nf6 {[%emt 0:00:48]} 5. d3 {[%emt 0:03:20]} d6 {[%emt 0:01:21]} 6. c3 {[%emt 0:00:29]} Bb6 {[%emt 0:01:48]} 7. a4 {[%emt 0:06:27]} a5 {[%emt 0:06:30]} 8. b4 {[%emt 0:03:50]} h6 {[%emt 0:03:54]} 9. b5 {[%emt 0:02:36]} Ne7 {[%emt 0:01:12]} 10. Bb3 {[%emt 0:24:48]} O-O {[%emt 0:02:33]} 11. Nbd2 {[%emt 0:03:47]} Ng6 {[%emt 0:01:04]} 12. Nc4 {[%emt 0:05:45]} Bc5 {[%emt 0:04:11]} 13. d4 {[%emt 0:02:31]} exd4 {[%emt 0:00:39]} 14. cxd4 {[%emt 0:00:08]} Bb4 {[%emt 0:00:15]} 15. e5 {[%emt 0:00:37]} dxe5 {[%emt 0:01:53]} 16. Ncxe5 {[%emt 0:04:18]} Ne7 {[%emt 0:05:26]} 17. Bb2 {[%emt 0:04:27]} Ned5 {[%emt 0:03:37]} 18. Rc1 {[%emt 0:11:21]} Be6 {[%emt 0:02:07]} 19. Qc2 {[%emt 0:01:18]} Nf4 {[%emt 0:03:47]} 20. Bxe6 {[%emt 0:01:21]} Nxe6 {[%emt 0:00:27]} 21. Rfd1 {[%emt 0:00:39]} Nd5 {[%emt 0:02:25]} 22. Qf5 {[%emt 0:01:11]} Ndf4 {[%emt 0:10:55]} 23. Rc2 {[%emt 0:00:51]} Qd5 {[%emt 0:04:29]} 24. g3 {[%emt 0:01:57]} g6 {[%emt 0:03:29]} 25. Qf6 {[%emt 0:01:40]} Nh5 {[%emt 0:08:49]} 26. Qh4 {[%emt 0:02:22]} f6 {[%emt 0:02:15]} 27. Qg4 {[%emt 0:00:15]} fxe5 {[%emt 0:02:34]} 28. Qxg6+ {[%emt 0:00:36]} Nhg7 {[%emt 0:01:19]} 29. Nxe5 {[%emt 0:00:49]} h5 {[%emt 0:04:32]} 30. Rdc1 {[%emt 0:03:14]} Be7 {[%emt 0:03:30]} 31. Qd3 {[%emt 0:02:32]} Bd8 {[%emt 0:03:13]} 32. f4 {[%emt 0:01:01]} h4 {[%emt 0:01:47]} 33. Ng6 {[%emt 0:01:05]} Rf7 {[%emt 0:01:37]} 34. Re1 {[%emt 0:02:53]} Nf5 {[%emt 0:01:43]} 35. Re5 {[%emt 0:00:34]} Qa2 {[%emt 0:03:47]} 36. Rxf5 {[%emt 0:00:35]} Qb1+ {[%emt 0:02:21]} 37. Kg2 {[%emt 0:00:41]} h3+ {[%emt 0:00:57]} 38. Kxh3 {[%emt 0:01:07]} Rxf5 {[%emt 0:00:33]} 39. Qxf5 {[%emt 0:00:14]} Qf1+ {[%emt 0:00:29]} 40. Rg2 {[%emt 0:00:00]} Ng5+ {[%emt 0:00:00]} 41. Kh4 {[%emt 0:00:00]} Nf7+ {[%emt 0:00:00]} 42. Kh3 {[%emt 0:00:00]} Ng5+ {[%emt 0:00:00]} 1/2-1/2

[Event "2nd Hersonissos Open 2018"]
[Site "Hersonissos"]
[Date "2018.06.24"]
[Round "9"]
[White "Papidakis, Georgios"]
[Black "Lobersli, Henrik Oie"]
[Result "0-1"]
[WhiteElo "1710"]
[BlackElo "2134"]
[Annotator "NA"]
[PlyCount "64"]
[EventDate "2018.06.23"]
[EventType "swiss"]
[EventCountry "GRE"]
[SourceTitle "playchess.com"]
[Source "ChessBase"]
[SourceQuality "1"]
[TimeControl "5400+30"]

1. d4 {[%emt 0:00:00]} Nf6 {[%emt 0:02:03]} 2. Bf4 {[%emt 0:00:00]} d5 {[%emt 0:00:47]} 3. e3 {[%emt 0:00:00]} c5 {[%emt 0:00:43]} 4. c3 {[%emt 0:00:00]} Nc6 {[%emt 0:00:52]} 5. Nd2 {[%emt 0:00:00]} cxd4 {[%emt 0:00:39]} 6. exd4 {[%emt 0:00:11]} Bf5 {[%emt 0:00:25]} 7. Ngf3 {[%emt 0:13:51]} e6 $11 {[%emt 0:00:42] LiveBook: 149 Games} 8. Be2 {[%emt 0:07:54]} Bd6 {[%emt 0:02:07]} 9. Bxd6 {[%emt 0:02:02]} Qxd6 {[%emt 0:00:34]} 10. O-O {[%emt 0:00:27]} h6 {[%emt 0:01:55]} 11. Nb3 {[%emt 0:01:15]} O-O {[%emt 0:02:30]} 12. Nc1 {[%emt 0:00:36]} Rfc8 {[%emt 0:03:00]} 13. h3 {[%emt 0:08:29]} Rab8 {[%emt 0:03:40]} 14. Bd3 {[%emt 0:03:07]} Ne7 {[%emt 0:06:03]} 15. Bxf5 {[%emt 0:01:54]} Nxf5 {[%emt 0:00:56]} 16. Nd3 {[%emt 0:00:10]} b5 {[%emt 0:01:26]} 17. a4 {[%emt 0:06:17]} a5 {[%emt 0:04:23]} 18. axb5 {[%emt 0:02:09]} Rxb5 {[%emt 0:00:45]} 19. Qe2 {[%emt 0:01:27]} Qb6 {[%emt 0:01:37]} 20. Ra2 {[%emt 0:03:21]} Ne4 {[%emt 0:05:14]} 21. Rd1 {[%emt 0:07:04]} Nfd6 {[%emt 0:01:32]} 22. Nd2 {[%emt 0:03:20]} Rb8 {[%emt 0:07:58]} 23. Kh1 {[%emt 0:17:49]} f5 {[%emt 0:19:57]} 24. Nf1 {[%emt 0:13:54]} Nc4 {[%emt 0:01:55]} 25. f3 {[%emt 0:00:41]} Ng5 {[%emt 0:02:47]} 26. Rb1 {[%emt 0:01:13]} Nf7 {[%emt 0:03:33]} 27. Nd2 {[%emt 0:01:54]} Nxd2 {[%emt 0:01:52]} 28. Qxd2 {[%emt 0:00:05]} Nd6 {[%emt 0:00:09]} 29. Ne5 {[%emt 0:00:12]} Qc7 {[%emt 0:02:05]} 30. Qe2 {[%emt 0:01:02]} R8b6 {[%emt 0:03:22]} 31. Qd2 {[%emt 0:02:44]} Nc4 {[%emt 0:01:57]} 32. Nxc4 {[%emt 0:00:18]} Qxc4 {[%emt 0:00:02]} 0-1